000 00684nam a2200241Ia 4500
003 OSt
005 20220918105609.0
006 a|||||r|||| 00| 0
007 ta
008 220915b |||||||| |||| 00| 0 eng d
024 _a2884
037 _cReference Collections
040 _aARTS
_cARTS
_beng
041 _2eng
_aeng
082 _awk1,N94, N4;N6 (RR)
100 _aCrystal David
_92531
245 0 _aCambridge biographical dictionary
260 _aCambridge
_bCambridge University Press
_c1996
300 _ax,495p
650 _aBIOGRAPHY
_92340
942 _hwk1,N94, N4;N6 (RR)
_cREF
999 _c108350
_d108350